1204 1805 1442 1400 1229 1457 1241 1654 1141 1176 1476 1296 1419 1523 1180 1260 1304 1015 1190 1310 1160 1326 1317 1250 1856 1874 1233 1548 1293 1751 1151 1859 1076 1203 1290 1687 1281 1853 1993 1056 1529 1180 1100 1416 1800 1867 1178 1408 1600 1521 1124 1342 1221 1003 1297 1062 1991 1590 1972 1483 1171 1724 1074 1604 1743 1565 1332 1272 1101 1767 1335 1225 1072 1416 1820 1817 1248 1341 1672 1998 1069 1282 1469 1955 1830 1969 1551 1490 1009 1668 1805 1822 1023 1377 1108 1110 1938 1579 1947 BCNSPRNW ULIB Ver.6.0+V

เปลี่ยนเป็นภาษาไทย

Change to English
 แสดงรายละเอียดบรรณานุกรม
  กลับหน้าหลัก

Brief Record : Get Marc (ISO 2709) : E-mail record : QR code < ปิดหน้าต่าง
LEADER : 00000nam 2200000uu 4500
001    13399123592
003     ULIB
008    141017s2556||||th 000 0 tha d
020    ^a9786162792106
060  4 ^aWM220^bก491
110 1  ^aมหาวิทยาลัยมหิดล.^bคณะแพทยศาสตร์ศิริราชพยาบาล.^bภาควิชาเวชศาสตร์ป้องกันและสังคม
245 00 ^aการป้องกัน การประเมินและการดูแลผู้ป่วยสมองเสื่อม =^bDementia : prevention, assessment and care /^cบรรณาธิการ วีรศักดิ์ เมืองไพศาล
246 31 ^aDementia : prevention, assessment and care
250    ^aพิมพ์ครั้งที่ 1
260    ^aกรุงเทพฯ :^bภาควิชาเวชศาสตร์ป้องกันและสังคมคณะแพทยศาสตร์ศิริราชพยาบาล มหาวิทยาลัยมหิดล,^c2556
300    ^a190 หน้า :^bภาพประกอบ
650  7 ^aภาวะสมองเสื่อม^xผู้ป่วย^xการดูแล
650  7 ^aภาวะสมองเสื่อม^xการป้องกัน
650  7 ^aภาวะสมองเสื่อม^xการรักษา
650  7 ^aภาวะสมองเสื่อม^xการวินิจฉัย
650  7 ^aสมองเสื่อม^xผู้ป่วย^xการดูแล
650  7 ^aสมองเสื่อม^xการป้องกัน
650  7 ^aสมองเสื่อม^xการรักษา
650  7 ^aสมองเสื่อม^xการวินิจฉัย
700 0  ^aวีรศักดิ์ เมืองไพศาล,^eบรรณาธิการ
945    ^p180^l0^i036202
945    ^p180^l0^i036203
945    ^p180^l0^i036204
945    ^p180^l0^i036205
945    ^p180^l0^i036206
945    ^p180^l0^i036207
945    ^p180^l0^i036208
945    ^p180^l0^i036209
945    ^p180^l0^i036210
945    ^p180^l0^i036211
945    ^p180^l0^i036212
945    ^p180^l0^i036213
945    ^p180^l0^i036214
945    ^p180^l0^i036215
945    ^p180^l0^i036216
999    ^aเกษร โพธิ์สุวรรณ
รายการนี้ยังไม่มีแท็ก
คุณยังไม่ได้ล็อกอิน คุณสามารถมีกิจกรรมร่วมกับเว็บไซต์ได้ แต่ต้องล็อกอินก่อน ::
  ล็อกอิน

รายการสื่อสารสนเทศ

ลำดับที่ ประเภท เลขเรียก/บาร์โค้ด สถานที่ สถานะ
1. วิทยาศาสตร์การแพทย์ และสุขภาพ
หนังสือสำรอง
สถานะ=หนังสือสำรอง
WM220 ก491 ฉ.1 
  Barcode: 036202
ห้องสมุดวิทยาเขตสวรรค์ประชารักษ์
►ส่วนจัดเก็บหนังสือเก่า สปร
บนชั้น
  ขอยืม
2. วิทยาศาสตร์การแพทย์ และสุขภาพ
วิทยาศาสตร์การแพทย์ และสุขภาพ
WM220 ก491 ฉ.10 
  Barcode: 036211
ห้องสมุดวิทยาเขตสวรรค์ประชารักษ์
►ส่วนจัดเก็บหนังสือเก่า สปร
บนชั้น
  ขอยืม
3. วิทยาศาสตร์การแพทย์ และสุขภาพ
วิทยาศาสตร์การแพทย์ และสุขภาพ
WM220 ก491 ฉ.11 
  Barcode: 036212
ห้องสมุดวิทยาเขตสวรรค์ประชารักษ์
►ส่วนจัดเก็บหนังสือเก่า สปร
บนชั้น
  ขอยืม
4. วิทยาศาสตร์การแพทย์ และสุขภาพ
วิทยาศาสตร์การแพทย์ และสุขภาพ
WM220 ก491 ฉ.12 
  Barcode: 036213
ห้องสมุดวิทยาเขตสวรรค์ประชารักษ์
►ส่วนจัดเก็บหนังสือเก่า สปร
บนชั้น
  ขอยืม
5. วิทยาศาสตร์การแพทย์ และสุขภาพ
วิทยาศาสตร์การแพทย์ และสุขภาพ
WM220 ก491 ฉ.13 
  Barcode: 036214
ห้องสมุดวิทยาเขตสวรรค์ประชารักษ์
►ส่วนจัดเก็บหนังสือเก่า สปร
บนชั้น
  ขอยืม
6. วิทยาศาสตร์การแพทย์ และสุขภาพ
วิทยาศาสตร์การแพทย์ และสุขภาพ
WM220 ก491 ฉ.14 
  Barcode: 036215
ห้องสมุดวิทยาเขตสวรรค์ประชารักษ์
►ส่วนจัดเก็บหนังสือเก่า สปร
บนชั้น
  ขอยืม
7. วิทยาศาสตร์การแพทย์ และสุขภาพ
วิทยาศาสตร์การแพทย์ และสุขภาพ
WM220 ก491 ฉ.15 
  Barcode: 036216
ห้องสมุดวิทยาเขตสวรรค์ประชารักษ์
►ส่วนจัดเก็บหนังสือเก่า สปร
บนชั้น
  ขอยืม
8. วิทยาศาสตร์การแพทย์ และสุขภาพ
วิทยาศาสตร์การแพทย์ และสุขภาพ
WM220 ก491 ฉ.2 
  Barcode: 036203
ห้องสมุดวิทยาเขตสวรรค์ประชารักษ์
►ส่วนจัดเก็บหนังสือเก่า สปร
บนชั้น
  ขอยืม
9. วิทยาศาสตร์การแพทย์ และสุขภาพ
วิทยาศาสตร์การแพทย์ และสุขภาพ
WM220 ก491 ฉ.3 
  Barcode: 036204
ห้องสมุดวิทยาเขตสวรรค์ประชารักษ์
►ส่วนจัดเก็บหนังสือเก่า สปร
บนชั้น
  ขอยืม
10. วิทยาศาสตร์การแพทย์ และสุขภาพ
วิทยาศาสตร์การแพทย์ และสุขภาพ
WM220 ก491 ฉ.4 
  Barcode: 036205
ห้องสมุดวิทยาเขตสวรรค์ประชารักษ์
►ส่วนจัดเก็บหนังสือเก่า สปร
บนชั้น
  ขอยืม
11. วิทยาศาสตร์การแพทย์ และสุขภาพ
วิทยาศาสตร์การแพทย์ และสุขภาพ
WM220 ก491 ฉ.5 
  Barcode: 036206
ห้องสมุดวิทยาเขตสวรรค์ประชารักษ์
►ส่วนจัดเก็บหนังสือเก่า สปร
บนชั้น
  ขอยืม
12. วิทยาศาสตร์การแพทย์ และสุขภาพ
วิทยาศาสตร์การแพทย์ และสุขภาพ
WM220 ก491 ฉ.6 
  Barcode: 036207
ห้องสมุดวิทยาเขตสวรรค์ประชารักษ์
►ส่วนจัดเก็บหนังสือเก่า สปร
บนชั้น
  ขอยืม
13. วิทยาศาสตร์การแพทย์ และสุขภาพ
วิทยาศาสตร์การแพทย์ และสุขภาพ
WM220 ก491 ฉ.7 
  Barcode: 036208
ห้องสมุดวิทยาเขตสวรรค์ประชารักษ์
►ส่วนจัดเก็บหนังสือเก่า สปร
บนชั้น
  ขอยืม
14. วิทยาศาสตร์การแพทย์ และสุขภาพ
วิทยาศาสตร์การแพทย์ และสุขภาพ
WM220 ก491 ฉ.8 
  Barcode: 036209
ห้องสมุดวิทยาเขตสวรรค์ประชารักษ์
►ส่วนจัดเก็บหนังสือเก่า สปร
บนชั้น
  ขอยืม
15. วิทยาศาสตร์การแพทย์ และสุขภาพ
วิทยาศาสตร์การแพทย์ และสุขภาพ
WM220 ก491 ฉ.9 
  Barcode: 036210
ห้องสมุดวิทยาเขตสวรรค์ประชารักษ์
►ส่วนจัดเก็บหนังสือเก่า สปร
บนชั้น
  ขอยืม

BibComment


ยังไม่เคยถูกคอมเมนท์

คอมเมนท์ทรัพยากรรายการนี้
  คอมเมนท์: การป้องกัน การปร..


 Copyright 2026. Bcnsprnw @Library